Common sense about the Arab world (Record no. 434097)

000 -LEADER
fixed length control field 00383cam a22001337a 4500
008 - FIXED-LENGTH DATA ELEMENTS--GENERAL INFORMATION
fixed length control field 180718b1960 xxu||||| |||| 00| 0 eng d
082 ## - DEWEY DECIMAL CLASSIFICATION NUMBER
Classification number A6x56 C436
100 ## - MAIN ENTRY--PERSONAL NAME
Personal name Childers, Erskine B.
245 ## - TITLE STATEMENT
Title Common sense about the Arab world
Statement of responsibility, etc. by Erskine B. Childers
260 ## - PUBLICATION, DISTRIBUTION, ETC.
Place of publication, distribution, etc. London
Name of publisher, distributor, etc. Victor Gollancz Ltd
Date of publication, distribution, etc. 1960
300 ## - PHYSICAL DESCRIPTION
Extent 191p.
650 ## - SUBJECT ADDED ENTRY--TOPICAL TERM
Topical term or geographic name entry element Nationalism --Middle East
650 ## - SUBJECT ADDED ENTRY--TOPICAL TERM
Topical term or geographic name entry element Arabs
Holdings
Withdrawn status Lost status Damaged status Not for loan Permanent Location Current Location Date acquired Full call number Barcode Date last seen Price effective from Koha item type
        Indian Institute of Public Administration Indian Institute of Public Administration 2010-02-12 A6x56 C436 22293 2018-07-21 2018-07-21 Book

Powered by Koha